[Event "Individual Zaragoza Primera 2015"]
[Site ""]
[Date "2015.09.27"]
[Round "1.1"]
[White "Marin Fuertes Angel Maria"]
[Black "Budria Gimenez Daniel"]
[Result "1-0"]
[WhiteElo "1871"]
[BlackElo "1681"]

1.e4 c5 2.Nf3 Nc6 3.d4 cxd4 4.Nxd4 Nf6 5.Nc3 d6 6.f3 Bd7 7.Be3 a6 8.Qd2 Qc7 9.
O-O-O b5 10.g4 b4 11.Nd5 Nxd5 12.exd5 Ne5 13.Be2 Nc4 14.Bxc4 Qxc4 15.Nb3 a5
16.Qd4 Qe2 17.Qe4 a4 18.Nd4 Qc4 19.Kb1 g6 20.Bg5 h6 21.Bf6 Rg8 22.Rhe1 Kd8 23.
Nc6+ 1-0

[Event "Individual Zaragoza Primera 2015"]
[Site ""]
[Date "2015.09.27"]
[Round "1.2"]
[White "Ibañez Lasheras Ramón"]
[Black "Rubio Tello Abel"]
[Result "1/2-1/2"]
[WhiteElo "1680"]
[BlackElo "1864"]

1.e4 e6 2.d4 d5 3.Nc3 Nf6 4.Bg5 dxe4 5.Nxe4 Be7 6.Bxf6 gxf6 7.Nf3 b6 8.Bb5+ c6
9.Bd3 Bb7 10.a3 f5 11.Ned2 Rg8 12.Rg1 Nd7 13.Qe2 Qc7 14.Ba6 O-O-O 15.Bxb7+
Kxb7 16.O-O-O Qf4 17.Qe3 Qd6 18.Kb1 Qd5 19.Qb3 Qxb3 20.Nxb3 Bd6 21.g3 h5 22.h4
Rg7 23.Nc1 Rdg8 24.Nd3 Kc7 25.Nde5 Nxe5 26.dxe5 Bc5 27.Rd2 f4 28.Ng5 fxg3 29.
Rxg3 Be7 30.f4 Bxg5 31.fxg5 Rd8 32.Kc1 Rd5 33.Rxd5 exd5 34.Rf3 Kd7 35.Rf6 c5
36.Rh6 Rg6 37.Rxh5 Re6 38.Rh7 Ke8 39.Rh8+ Ke7 40.h5 Rxe5 41.Rg8 f6 42.h6 Re1+
43.Kd2 Rh1 44.Rg7+ Kf8 45.gxf6 Rxh6 46.Rxa7 Rxf6 47.Rd7 d4 1/2-1/2

[Event "Individual Zaragoza Primera 2015"]
[Site ""]
[Date "2015.09.27"]
[Round "1.4"]
[White "Lorente Aguar Ruben"]
[Black "Garcia Estruch Jorge"]
[Result "1/2-1/2"]
[WhiteElo "1668"]
[BlackElo "1847"]

1.e4 e5 2.Nf3 Nc6 3.d4 exd4 4.Nxd4 Bc5 5.Be3 Qf6 6.c3 Nge7 7.Nc2 Bxe3 8.Nxe3
d6 9.Be2 O-O 10.O-O Ne5 11.Nd2 b6 12.f4 N5g6 13.Ng4 Bxg4 14.Bxg4 Nc6 15.Bf3
Qxf4 16.Be2 Qe3+ 17.Kh1 Nce5 18.h3 Nf4 19.Bf3 Ned3 20.Kh2 Rae8 21.Qc2 Ne5 22.
Rad1 Re6 23.Rde1 Qc5 24.Nb3 Qc4 25.Bd1 Nfg6 26.Nd4 Nc6 27.Nxe6 Qxe6 28.Qb3
Qe5+ 29.Kh1 Qg3 30.Re2 Nce5 31.Ref2 Nh4 32.Bc2 Nef3 33.gxf3 Qxh3+ 34.Kg1 Qg3+
35.Kh1 1/2-1/2

[Event "Individual Zaragoza Primera 2015"]
[Site ""]
[Date "2015.09.27"]
[Round "1.5"]
[White "Glaria Tevar Salvador"]
[Black "Molla Lorente Joaquín"]
[Result "0-1"]
[WhiteElo "1846"]
[BlackElo "1666"]

1.d4 e6 2.Nf3 f5 3.g3 Nf6 4.Bg2 d5 5.O-O c6 6.c4 Bd6 7.Bf4 Bxf4 8.gxf4 O-O 9.
Nc3 Bd7 10.b4 Be8 11.a4 a5 12.b5 Nbd7 13.Qc2 Ne4 14.Ne5 Nxe5 15.fxe5 Rc8 16.c5
b6 17.Nxe4 fxe4 18.Qd2 bxc5 19.Bh3 Bd7 20.dxc5 cxb5 21.c6 Rxc6 22.axb5 Rc5 23.
Rxa5 Qb6 24.Ra6 Qxb5 25.Bxe6+ Bxe6 26.Rxe6 Re8 27.Rxe8+ Qxe8 28.Qd4 Qc6 29.f4
exf3 30.Rxf3 Rc4 31.Qf2 Rg4+ 32.Rg3 Qc1+ 33.Kg2 Rf4 34.Rf3 Rxf3 35.Kxf3 Qc3+
36.Kf4 Qc4+ 37.Kg3 Qe4 38.Qf3 Qxe5+ 39.Kg2 g6 40.Qg4 Qf5 41.Qg3 Qd7 42.Qe5
Qg4+ 43.Kh1 Qe4+ 44.Qxe4 dxe4 45.Kg2 Kf7 46.Kg3 g5 47.h4 gxh4+ 48.Kxh4 Kf6 0-1

[Event "Individual Zaragoza Primera 2015"]
[Site ""]
[Date "2015.09.27"]
[Round "1.6"]
[White "Muro Guerrero Miguel"]
[Black "Naya Sancho Juan Manuel"]
[Result "0-1"]
[WhiteElo "1664"]
[BlackElo "1839"]

1.e4 d5 2.exd5 Nf6 3.Nc3 Nxd5 4.Nxd5 Qxd5 5.Nf3 Bg4 6.Be2 Nc6 7.d3 O-O-O 8.Bf4
e6 9.O-O Bd6 10.Bg3 Rhe8 11.c4 Qf5 12.Nh4 Bxe2 13.Qxe2 Qc5 14.Kh1 Nd4 15.Qg4
g6 16.a3 f5 17.Qg5 Be7 18.Qe3 g5 19.b4 Qc6 20.Nf3 Nxf3 21.gxf3 f4 22.b5 Qb6
23.Bxf4 gxf4 24.Qxb6 cxb6 25.Rfd1 Bc5 26.Kg2 Rg8+ 27.Kf1 Rg6 28.Ra2 Rdg8 29.d4
Rg1+ 30.Ke2 Rxd1 31.Kxd1 Bxd4 32.Re2 e5 0-1

[Event "Individual Zaragoza Primera 2015"]
[Site ""]
[Date "2015.09.27"]
[Round "1.7"]
[White "Landa Garriga Francisco Javier"]
[Black "Cortés Sobrevilla Cecilio"]
[Result "1-0"]
[WhiteElo "1838"]
[BlackElo "1664"]

1.e4 d6 2.d4 c6 3.Nf3 Nd7 4.Bd3 h6 5.O-O e5 6.Be3 Ngf6 7.c3 Be7 8.Re1 O-O 9.h3
Qc7 10.Nbd2 d5 11.exd5 Nxd5 12.dxe5 Nc5 13.Bxc5 Bxc5 14.Bb1 Nf4 15.Qc2 g6 16.
Qe4 Ne6 17.Qh4 Kh7 18.Ne4 Be7 19.Nf6+ Kg7 20.Qg3 Kh8 21.Ne4 Ng7 22.Qf4 g5 23.
Nexg5 hxg5 24.Nxg5 Bxg5 25.Qxg5 Kg8 26.Qh6 Bf5 27.Bxf5 Nxf5 28.Re4 Ng7 29.Rh4
f5 30.exf6 Rxf6 31.Qxf6 Rf8 32.Rh8+ Kxh8 33.Qxf8+ Kh7 34.Re1 1-0

[Event "Individual Zaragoza Primera 2015"]
[Site ""]
[Date "2015.09.27"]
[Round "1.8"]
[White "Vallejo Blasco Arturo"]
[Black "Santos Morales Julio César"]
[Result "0-1"]
[WhiteElo "1662"]
[BlackElo "1837"]

1.e4 c6 2.d4 d5 3.e5 Bf5 4.Nf3 e6 5.Bd3 Bxd3 6.Qxd3 Nd7 7.O-O Ne7 8.Bg5 h6 9.
Bh4 g5 10.Bg3 Ng6 11.Nbd2 h5 12.h3 g4 13.hxg4 hxg4 14.Nh2 Qg5 15.Qe2 Nf4 16.
Qe3 Bh6 17.Nb3 Qf5 18.Qe1 Qxc2 19.Qb4 Ne2+ 20.Kh1 Nxg3+ 21.fxg3 Be3 22.Rxf7
Kxf7 23.Qd6 Rxh2+ 24.Kxh2 Rh8# 0-1

[Event "Individual Zaragoza Primera 2015"]
[Site ""]
[Date "2015.09.27"]
[Round "1.9"]
[White "Nuñez Gonzalez Victor Antonio"]
[Black "Monge Arrufat José Miguel"]
[Result "0-1"]
[WhiteElo "1824"]
[BlackElo "1661"]

1.e4 e5 2.Nf3 Nc6 3.Bb5 a6 4.Ba4 b5 5.Bb3 Nf6 6.O-O Be7 7.d3 O-O 8.c3 d6 9.h3
Na5 10.Bc2 c5 11.Be3 Bb7 12.Nbd2 Qc7 13.Qe2 Rad8 14.Rfd1 Rfe8 15.Nf1 d5 16.
exd5 Nxd5 17.Ng3 Nxe3 18.Qxe3 Bf8 19.Re1 g6 20.Ne4 Bxe4 21.Qxe4 f5 22.Qh4 Bg7
23.Re2 Re7 24.Rae1 Rde8 25.Qg3 c4 26.dxc4 Nxc4 27.Bb3 Kh8 28.Bxc4 bxc4 29.Rd1
Qa5 30.a3 Rb7 31.Red2 Reb8 32.Rd5 Rb5 33.Rxb5 Qxb5 34.Qg5 Qe8 35.Rd2 h6 36.Qe3
e4 37.Nd4 Kh7 38.Qf4 Be5 39.Qe3 Bf6 40.f3 Bg5 41.f4 Bf6 42.g4 Bxd4 43.Qxd4 Qf7
44.g5 hxg5 45.fxg5 Re8 46.Re2 Qc7 47.Qf2 f4 48.Qh4+ Kg8 49.Qh6 Qb6+ 50.Kf1 f3
51.Re3 Re6 52.Re1 Qxb2 53.Rxe4 Qb1+ 54.Kf2 Qxe4 0-1

[Event "Individual Zaragoza Primera 2015"]
[Site ""]
[Date "2015.09.27"]
[Round "1.10"]
[White "Liarte Marinoso Aaron"]
[Black "Aviol Pérez José Mariano"]
[Result "1-0"]
[WhiteElo "1656"]
[BlackElo "1820"]

1.d4 d5 2.c4 e6 3.Nc3 Nf6 4.Nf3 c6 5.b3 Bb4 6.Bb2 Qa5 7.Qc2 Ne4 8.Rc1 Qxa2 9.
Nd2 Bxc3 10.Bxc3 Qxc2 11.Rxc2 Nxc3 12.Rxc3 a5 13.e4 dxe4 14.Nxe4 Na6 15.Nd6+
Ke7 16.c5 Nb4 17.Bd3 b6 18.O-O Nxd3 19.Rxd3 Ba6 20.Rf3 f6 21.Re1 Kd7 22.Rfe3
bxc5 23.dxc5 e5 24.Nf5 g5 25.Rd1+ Kc7 26.Rd6 Rad8 27.g4 Bc8 28.Rxf6 Rd5 29.Rc3
Bxf5 30.Rxf5 h6 31.Rf7+ Rd7 32.Rxd7+ Kxd7 33.Rd3+ Kc7 34.Rd6 Rb8 35.Rd3 Rb5
36.Rc3 Kd7 37.Kg2 Ke6 38.Rh3 Kd5 39.Rxh6 Rxb3 40.h4 a4 41.hxg5 Rb7 42.Rh3 Kxc5
43.g6 Rg7 44.Rc3+ Kb5 45.Re3 Kb4 46.Rxe5 Rxg6 47.Re4+ Kb3 48.Kg3 a3 49.Re3+
Kb4 50.Re4+ Kb5 51.Re3 Kb4 52.Re4+ Kc3 53.Re3+ Kd2 54.Rxa3 c5 55.f4 c4 56.f5
Rb6 57.g5 Rb3+ 58.Rxb3 cxb3 59.f6 b2 60.f7 b1=Q 61.f8=Q Qg1+ 62.Kh4 Qh2+ 63.
Kg4 Kc2 64.Qc5+ Kb1 65.g6 Ka1 66.Qc3+ Kb1 67.g7 Qb8 68.Kg5 Qg8 69.Kg6 Ka2 70.
Qf6 Kb1 71.Qf7 1-0

[Event "Individual Zaragoza Primera 2015"]
[Site ""]
[Date "2015.09.27"]
[Round "1.11"]
[White "Nedov Octavian"]
[Black "Fernández Sierra Pedro José"]
[Result "1-0"]
[WhiteElo "1814"]
[BlackElo "1653"]

1.d4 Nf6 2.Bf4 e6 3.Nf3 d5 4.e3 Nbd7 5.Bd3 c5 6.c3 cxd4 7.exd4 Be7 8.Nbd2 O-O
9.g4 Re8 10.Qc2 g6 11.h4 Nxg4 12.h5 f5 13.hxg6 hxg6 14.Nh2 Ngf6 15.O-O-O Kf7
16.Nhf3 Nh5 17.Be3 Rg8 18.Rdg1 a5 19.Ng5+ Bxg5 20.Bxg5 Qc7 21.Nf3 b5 22.Bxb5
Nb6 23.Ne5+ Kf8 24.Nxg6+ Rxg6 25.Rxh5 Kg8 26.Rgh1 Qg7 27.f4 Bd7 28.Bxd7 Nxd7
29.Qh2 1-0

[Event "Individual Zaragoza Primera 2015"]
[Site ""]
[Date "2015.09.27"]
[Round "1.12"]
[White "Miranda Blasco Fernando"]
[Black "Subira Navarro Oscar"]
[Result "1-0"]
[WhiteElo "1664"]
[BlackElo "1811"]

1.e4 c5 2.Nf3 g6 3.d4 cxd4 4.Nxd4 Bg7 5.Nc3 Nc6 6.Be3 Nf6 7.Be2 O-O 8.Qd2 d5
9.exd5 Nxd5 10.Nxd5 Qxd5 11.Nxc6 Qxc6 12.Bf3 Qc7 13.c3 Rd8 14.Qc2 Bf5 15.Qb3
Rd7 16.O-O Be6 17.Qa4 a6 18.Rfd1 Rad8 19.Rxd7 Rxd7 20.Rd1 Rxd1+ 21.Bxd1 Qd8
22.Bf3 Bc8 23.h3 b5 24.Qb4 Be5 25.Qe4 Qd6 26.Qa8 Qc7 27.Bg5 f6 28.Bh6 Kf7 29.
Be3 f5 30.Qc6 Qxc6 31.Bxc6 Be6 32.a3 Bc4 33.a4 Bd6 34.b4 e5 35.a5 Ke6 36.Bb7
Kd7 37.Bxa6 Kc7 38.Bb6+ Kb8 39.f3 e4 40.Kf2 g5 41.fxe4 fxe4 42.Bd4 Bf4 43.g3
Bd6 44.Bf6 h6 45.Bg7 h5 46.g4 hxg4 47.hxg4 Bf4 48.Bd4 Be6 49.Bxb5 Bxg4 50.a6
Bc8 51.a7+ Ka8 52.Bc6+ Bb7 53.Bxb7+ Kxb7 54.b5 g4 55.b6 g3+ 56.Ke2 1-0

[Event "Individual Zaragoza Primera 2015"]
[Site ""]
[Date "2015.09.27"]
[Round "1.13"]
[White "Abad Viñas Jesús Manuel"]
[Black "Garcia Artal Obdulio"]
[Result "1/2-1/2"]
[WhiteElo "1810"]
[BlackElo "1643"]

1.c4 Nf6 2.Nf3 g6 3.d4 Bg7 4.Bg5 O-O 5.Nc3 d6 6.h3 Nbd7 7.e4 e5 8.d5 a5 9.Be2
h6 10.Bh4 g5 11.Nxg5 hxg5 12.Bxg5 Qe8 13.g4 Nc5 14.f3 Nh7 15.Be3 f6 16.h4 b6
17.Qd2 Bd7 18.b3 Kh8 19.h5 Rg8 20.O-O-O Bf8 21.Rdg1 Be7 22.f4 exf4 23.Bxf4 Qf7
24.Qd4 Ng5 25.h6 Kh7 26.Bd1 Rae8 27.Rf1 Bd8 28.Bc2 Kh8 29.Rh5 Bxg4 30.Rxg5
Rxg5 31.Bxg5 Nd7 32.Bf4 Ne5 33.Bxe5 Rxe5 34.Rg1 Qh5 35.Kb2 Rg5 36.Qe3 Bd7 37.
h7 Rxg1 38.Qxg1 Qxh7 39.e5 Qg7 40.Qxg7+ Kxg7 41.e6 Be8 42.Bf5 Bg6 43.Bh3 f5
44.Nb5 Kf6 45.Nd4 f4 46.Kc3 Be4 47.Nc6 Be7 48.Kd4 Bb1 49.a3 f3 50.Ke3 Ba2 51.
Nd4 f2 52.Kxf2 Ke5 53.Ke3 Bb1 54.Nc6+ Kf6 55.b4 axb4 56.axb4 Bc2 57.Nxe7 Kxe7
58.Bf1 Bg6 59.Bd3 Be8 60.Kf4 Ba4 61.Kf5 Bb3 62.Ke4 Ba4 63.Kd4 Be8 64.Kc3 Bh5
65.Bc2 Be8 66.Kb2 Bh5 67.Ba4 Be2 68.Bb5 Bd3 69.Ka3 Be4 70.Ba6 Bc2 71.Bc8 Bd3
72.Kb3 Be2 73.Kc3 Bd1 74.Kd4 Be2 75.c5 bxc5+ 76.bxc5 Bf1 77.Bd7 Be2 78.Ba4 Bf1
1/2-1/2

[Event "Individual Zaragoza Primera 2015"]
[Site ""]
[Date "2015.09.27"]
[Round "1.14"]
[White "Arrieta Otero Germán"]
[Black "Obon Zuñiga Francisco"]
[Result "1-0"]
[WhiteElo "1641"]
[BlackElo "1807"]

1.e4 c6 2.Nc3 d5 3.Nf3 Bg4 4.d4 dxe4 5.Nxe4 Bxf3 6.gxf3 e6 7.Bh3 Nf6 8.Bf4
Nxe4 9.fxe4 Bd6 10.e5 Bf8 11.Qd2 c5 12.O-O-O Qxd4 13.Qxd4 cxd4 14.Rxd4 Nc6 15.
Rd2 Be7 16.Rg1 g6 17.Bg2 Rd8 18.Bxc6+ bxc6 19.Rxd8+ Kxd8 20.Bg5 Bxg5+ 21.Rxg5
Ke7 22.Rg3 Rd8 23.Rd3 Rxd3 24.cxd3 f6 25.d4 fxe5 26.dxe5 g5 27.Kd2 Kd7 28.b4
c5 29.b5 Kc7 30.Kc3 h5 31.f3 g4 32.fxg4 hxg4 33.Kc4 Kb6 34.a3 1-0

[Event "Individual Zaragoza Primera 2015"]
[Site ""]
[Date "2015.09.27"]
[Round "1.15"]
[White "Moreno Martin-Viveros Alvaro"]
[Black "Arbiol Val Sergio"]
[Result "0-1"]
[WhiteElo "1806"]
[BlackElo "1638"]

1.b3 e5 2.Bb2 Nc6 3.e3 Nf6 4.Bb5 d6 5.Ne2 Bd7 6.d4 e4 7.d5 Ne5 8.Bxd7+ Nexd7
9.Nbc3 g6 10.Nxe4 Bg7 11.Nxf6+ Nxf6 12.O-O O-O 13.c4 a5 14.Qc2 Qe8 15.Rfe1 b5
16.Nd4 bxc4 17.bxc4 Qe4 18.Qe2 a4 19.Nc6 a3 20.Bd4 Nd7 21.f3 Qe8 22.Qd2 Nb6
23.Bxg7 Kxg7 24.Qd4+ Kg8 25.Rab1 Ra4 26.Rec1 f5 27.Rb3 Qf7 28.Rcc3 Rfa8 29.e4
fxe4 30.fxe4 Re8 31.Rxa3 Rxa3 32.Rxa3 Qf4 33.Rf3 Qxe4 34.Qf6 Nxc4 35.Qf7+ Kh8
36.h3 Ne3 37.Rf4 Qxg2# 0-1

[Event "Individual Zaragoza Primera 2015"]
[Site ""]
[Date "2015.09.27"]
[Round "1.16"]
[White "Abenia Porroche Roberto"]
[Black "Carrasquer Muñoz Alberto"]
[Result "1-0"]
[WhiteElo "1634"]
[BlackElo "1799"]

1.Nf3 c6 2.g3 d5 3.d4 Bf5 4.Bg2 Nf6 5.O-O e6 6.Nbd2 Be7 7.Re1 O-O 8.c3 Nbd7 9.
Nh4 Be4 10.Nxe4 Nxe4 11.Nf3 c5 12.Qb3 cxd4 13.cxd4 Qb6 14.Qd3 Rac8 15.Nd2 Ne5
16.Qb3 Qxb3 17.Nxb3 Nc6 18.a3 a5 19.e3 a4 20.f3 Nf6 21.Nd2 Na5 22.Bf1 Nc4 23.
Bd3 Rfd8 24.Kf2 Rd6 25.Nb1 Rdc6 26.e4 dxe4 27.Bxe4 Nxe4+ 28.fxe4 Nxb2 29.Bxb2
Rc2+ 30.Re2 Rxe2+ 31.Kxe2 Rc2+ 32.Kf1 Rxb2 33.Nc3 Rb3 34.Nxa4 Bxa3 35.Nc5 h6
36.Nxb3 1-0

[Event "Individual Zaragoza Primera 2015"]
[Site ""]
[Date "2015.09.27"]
[Round "1.17"]
[White "Ruiz Gutierrez José Manuel"]
[Black "Lorente Latorre Antonio"]
[Result "1/2-1/2"]
[WhiteElo "1795"]
[BlackElo "1632"]

1.c4 Nf6 2.Nc3 e6 3.a3 Be7 4.g3 O-O 5.Bg2 d5 6.b3 c6 7.Nf3 Nbd7 8.d4 h6 9.O-O
Ne4 10.Bb2 Nxc3 11.Bxc3 Nf6 12.Ne5 Nd7 13.f4 Qe8 14.e4 f6 15.Nd3 dxe4 16.Bxe4
f5 17.Bg2 Bf6 18.Ne5 Nxe5 19.dxe5 Be7 20.Bb4 c5 21.Be1 Rb8 22.Rf3 b6 23.Rd3
Bb7 24.Bxb7 Rxb7 25.Qf3 Qa8 26.Rad1 Rc7 27.Kf2 Qxf3+ 28.Kxf3 Kf7 29.h3 Rfc8
30.g4 g6 31.a4 Ke8 32.a5 Rd8 33.axb6 Rxd3+ 34.Rxd3 axb6 35.Bf2 Rd7 1/2-1/2

[Event "Individual Zaragoza Primera 2015"]
[Site ""]
[Date "2015.09.27"]
[Round "1.18"]
[White "Arteaga Jimenez Francisco"]
[Black "Arias Alvarez Alberto"]
[Result "1/2-1/2"]
[WhiteElo "1622"]
[BlackElo "1785"]

1.e4 c6 2.d4 d5 3.exd5 cxd5 4.Nf3 Nf6 5.Nbd2 g6 6.Bd3 Bg7 7.O-O O-O 8.Ne5 Nc6
9.c3 Nxe5 10.dxe5 Ng4 11.Nf3 Nxe5 12.Nxe5 Bxe5 13.f4 Bg7 14.f5 d4 15.c4 Qb6
16.Rb1 a5 17.a3 a4 18.b4 axb3 19.Rxb3 Qa7 20.Kh1 Qa4 21.fxg6 hxg6 22.Bd2 Qc6
23.Bb4 Re8 24.Qe2 e5 25.Be4 Qc7 26.Bd5 Be6 27.Rbf3 Bxd5 28.cxd5 e4 29.Rxf7
Qxf7 30.Rxf7 Kxf7 31.d6 d3 32.Qa2+ Re6 33.Qd5 1/2-1/2

[Event "Individual Zaragoza Primera 2015"]
[Site ""]
[Date "2015.09.27"]
[Round "1.19"]
[White "Sanchez Vallés José Maria"]
[Black "Requena Briones Rafael Marian"]
[Result "1-0"]
[WhiteElo "1782"]
[BlackElo "1615"]

1.e4 c5 2.f4 Nc6 3.Nf3 d6 4.Bc4 Nf6 5.e5 d5 6.Bb5 Ng4 7.O-O Qb6 8.Nc3 c4+ 9.
Kh1 e6 10.d4 cxd3 11.Qxd3 Nf2+ 12.Rxf2 Qxf2 13.Be3 Bc5 14.Bxf2 Bxf2 15.f5 O-O
16.f6 Nb4 17.Qd2 Bb6 18.Qg5 1-0

[Event "Individual Zaragoza Primera 2015"]
[Site ""]
[Date "2015.09.27"]
[Round "1.20"]
[White "Pérez Bella José Maria"]
[Black "Garcia Lasheras Miguel Angel"]
[Result "0-1"]
[WhiteElo "1604"]
[BlackElo "1774"]

1.Nc3 d5 2.e4 d4 3.Nce2 e5 4.Ng3 Be6 5.Nf3 f6 6.Bb5+ Nc6 7.O-O Ne7 8.d3 a6 9.
Ba4 Qd7 10.c3 b5 11.Bb3 g6 12.cxd4 Nxd4 13.Nxd4 exd4 14.Bf4 c5 15.Ne2 Nc6 16.
Rc1 Rc8 17.f3 Bxb3 18.Qxb3 Qf7 19.Qxf7+ Kxf7 20.a3 a5 21.b4 axb4 22.axb4 Nxb4
23.Rfd1 Be7 24.Rb1 Ra8 25.Nc1 Ra3 26.Nb3 Na2 27.Bc1 Ra4 28.Ra1 Rha8 29.Bb2 Nc3
30.Re1 Ra2 31.Bxc3 dxc3 32.Rxa2 Rxa2 33.Rc1 b4 34.Kf1 Rb2 35.Na5 Rd2 36.Nc4
Rxd3 37.Ke2 Rd4 38.Nb6 Rd2+ 0-1

[Event "Individual Zaragoza Primera 2015"]
[Site ""]
[Date "2015.09.27"]
[Round "1.21"]
[White "Garcia Mendez Beatriz"]
[Black "Sanz Navarro Alberto"]
[Result "1-0"]
[WhiteElo "1766"]
[BlackElo "1600"]

1.e4 d5 2.exd5 Nf6 3.Nc3 Nxd5 4.Nxd5 Qxd5 5.Nf3 Nc6 6.Be2 Bf5 7.O-O O-O-O 8.d3
e5 9.Be3 h5 10.Nh4 Bg6 11.Nxg6 fxg6 12.Bf3 Qe6 13.c3 Be7 14.b4 Bf6 15.Rc1 Ne7
16.a4 Nf5 17.Qe2 Nh4 18.Be4 g5 19.Bxa7 g4 20.a5 Bg5 21.Be3 Bf4 22.Bxf4 exf4
23.Bxb7+ Kd7 24.Qxe6+ Kxe6 25.d4 Rhf8 26.a6 Rb8 27.Ra1 Nf5 28.a7 Rxb7 29.a8=Q
Rxa8 30.Rxa8 h4 31.Rf8 g6 32.Re1+ Kd5 33.Re5+ Kc4 34.Rc5+ Kd3 35.Ra8 Rb6 36.
Rxc7 Re6 37.Ra1 g3 38.hxg3 fxg3 39.fxg3 Nxg3 40.d5 Rf6 41.Rc6 Ne2+ 42.Kh2 Rf2
43.c4 Nf4 44.Rc8 Rxg2+ 45.Kh1 h3 46.d6 Ke4 47.d7 Nh5 48.Re8+ Kf4 49.Rf1+ Kg3
50.Re3+ Kg4 51.d8=Q Ng3+ 52.Rxg3+ Rxg3 1-0

[Event "Individual Zaragoza Primera 2015"]
[Site ""]
[Date "2015.09.27"]
[Round "1.22"]
[White "Navarro Rubio Rafael"]
[Black "Miranda Garcia Eduardo"]
[Result "0-1"]
[WhiteElo "1595"]
[BlackElo "1765"]

1.d4 d6 2.e4 Nf6 3.Bd3 g6 4.c3 Bg7 5.h3 O-O 6.Nf3 Nbd7 7.Bf4 c5 8.Nbd2 a6 9.
O-O b5 10.a3 Bb7 11.d5 c4 12.Bc2 Nc5 13.b4 cxb3 14.Nxb3 Nxb3 15.Bxb3 Nxe4 16.
Rc1 Nxc3 17.Qd3 Rc8 18.Bd2 Na4 19.Bxa4 bxa4 20.Rb1 Qd7 21.Rb6 Rc5 22.Be3 Rxd5
23.Qc4 Rf5 24.Nh4 Rh5 25.Rfb1 Bd5 26.Qb4 Bf6 27.Nf3 Bxf3 28.gxf3 Qxh3 0-1

[Event "Individual Zaragoza Primera 2015"]
[Site ""]
[Date "2015.09.27"]
[Round "1.23"]
[White "Iglesias Fernandez Luis"]
[Black "Celma Pueyo Ramón"]
[Result "1-0"]
[WhiteElo "1764"]
[BlackElo "1594"]

1.e4 e5 2.Nf3 Nc6 3.Bb5 d6 4.d4 Bd7 5.O-O Be7 6.Nc3 Nf6 7.Qe2 O-O 8.Bxc6 Bxc6
9.dxe5 Ng4 10.Bf4 dxe5 11.Nxe5 Nxe5 12.Bxe5 Bd6 13.Rad1 Qe7 14.Bxd6 cxd6 15.
Nd5 Qe5 16.c4 f5 17.f4 Qxe4 18.Qxe4 fxe4 19.Ne7+ Kh8 20.Nxc6 bxc6 21.Rxd6 Rf6
22.Rd7 Re6 23.Re1 a6 24.Kf2 Rc8 25.Rd4 Rce8 26.c5 Kg8 27.Ra4 e3+ 28.Kf3 e2 29.
Rxa6 g5 30.Ra4 Re3+ 31.Kf2 g4 32.Rd4 h5 33.Rd2 h4 34.Rexe2 Rxe2+ 35.Rxe2 Rf8
36.g3 h3 37.Re6 Rb8 38.b3 Ra8 39.a4 Rb8 40.Re3 Kf7 41.a5 Rb5 42.Re2 Rxa5 43.b4
Ra3 44.Rb2 Ke6 45.Ke2 Kd5 46.Kd2 Kd4 47.Kc2 Kc4 48.Kb1 Rf3 49.b5 cxb5 50.c6 b4
51.Rc2+ Kb3 52.Rb2+ Ka3 53.Rc2 b3 54.c7 bxc2+ 55.Kxc2 Rf2+ 56.Kd3 Rxh2 57.c8=Q
Rg2 58.Qxg4 h2 59.Qh4 Rxg3+ 60.Kc4 Rb3 61.Qe7+ Ka2 62.Qa7+ Kb2 63.Qd4+ Ka2 64.
Qa7+ Kb2 65.Qf2+ Ka3 66.Qxh2 Rb4+ 67.Kc5 Rb3 68.f5 Rc3+ 69.Kd4 Kb4 70.Qd2 1-0

[Event "Individual Zaragoza Primera 2015"]
[Site ""]
[Date "2015.09.27"]
[Round "1.24"]
[White "Reguera Campillo Moises"]
[Black "Martinez Saenz Esteban"]
[Result "0-1"]
[WhiteElo "1593"]
[BlackElo "1761"]

1.e4 c6 2.d4 d5 3.Nc3 g6 4.Be3 Bg7 5.Nf3 Bg4 6.exd5 cxd5 7.Bb5+ Nc6 8.h3 Bxf3
9.Qxf3 Nf6 10.O-O-O a6 11.Ba4 O-O 12.Bb3 e6 13.Qe2 Na5 14.Qd2 Nxb3+ 15.axb3 b5
16.f3 Qb6 17.Bh6 a5 18.Bxg7 Kxg7 19.Qe2 Rfb8 20.g4 a4 21.Qe5 axb3 22.g5 bxc2
23.Qxf6+ Kg8 24.Kxc2 b4 25.Ne2 Ra2 26.Ra1 b3+ 27.Kb1 Rxa1+ 28.Kxa1 Qa6+ 29.Kb1
Qxe2 30.Qe5 Qc2+ 0-1

[Event "Individual Zaragoza Primera 2015"]
[Site ""]
[Date "2015.09.27"]
[Round "1.25"]
[White "Pascual Sesé Lucas"]
[Black "Laborda Pérez José Antonio"]
[Result "1/2-1/2"]
[WhiteElo "1755"]
[BlackElo "1588"]

1.e4 g6 2.Nc3 Bg7 3.g3 a6 4.Bg2 d6 5.f4 c5 6.Nf3 Nf6 7.d3 Nc6 8.O-O O-O 9.h3
Rb8 10.Bd2 b5 11.Qc1 e6 12.Nd1 Nd4 13.Nxd4 cxd4 14.Nf2 Bb7 15.e5 dxe5 16.fxe5
Nh5 17.Bf4 Bxg2 18.Kxg2 Qd5+ 19.Kh2 Nxf4 20.gxf4 h5 21.Ne4 Rbc8 22.Qd1 Rc7 23.
b3 Rfc8 24.Rf2 Qd8 25.Rg2 Qh4 26.Rf2 Kh8 1/2-1/2

[Event "Individual Zaragoza Primera 2015"]
[Site ""]
[Date "2015.09.27"]
[Round "1.27"]
[White "Garcia Garcia Enrique"]
[Black "Miranda Herrera Jorge Manuel"]
[Result "1-0"]
[WhiteElo "1750"]
[BlackElo "1574"]

1.d4 d6 2.Nf3 Nf6 3.c4 g6 4.Nc3 Bf5 5.Bg5 Nbd7 6.Qc1 Bg7 7.Bh6 O-O 8.Bxg7 Kxg7
9.Nd2 Nb6 10.e4 Bd7 11.Be2 e5 12.d5 c5 13.O-O Qe7 14.f4 Bg4 15.Bxg4 Nxg4 16.f5
Ne3 1-0

[Event "Individual Zaragoza Primera 2015"]
[Site ""]
[Date "2015.09.27"]
[Round "1.28"]
[White "Peña Gil José Alejandro"]
[Black "Manguez Tomás Andrés"]
[Result "1-0"]
[WhiteElo "1573"]
[BlackElo "1744"]

1.d4 f5 2.Nf3 Nf6 3.c4 e6 4.a3 d5 5.Bg5 c6 6.e3 Bd6 7.Nc3 O-O 8.Bd3 Qe8 9.Bxf6
Rxf6 10.cxd5 exd5 11.Qc2 Qh5 12.Be2 Qg6 13.Nxd5 Rf8 14.Ne5 Qxg2 15.Bf3 Qg5 16.
h4 Qd8 17.Nf4 Bxe5 18.Qc4+ Kh8 19.dxe5 Qa5+ 20.b4 Qxe5 21.Rd1 Na6 22.h5 Nc7
23.Ng6+ 1-0

[Event "Individual Zaragoza Primera 2015"]
[Site ""]
[Date "2015.09.27"]
[Round "1.29"]
[White "Martin Pastor Iván"]
[Black "Roldán Pérez Juan José"]
[Result "1-0"]
[WhiteElo "1743"]
[BlackElo "1573"]

1.e4 c6 2.d3 d5 3.Nd2 dxe4 4.Nxe4 Nd7 5.Be2 Ngf6 6.Bg5 Nxe4 7.dxe4 Qa5+ 8.Bd2
Qe5 9.Bd3 Qxb2 10.Ne2 Qb6 11.Rb1 Qc7 12.f4 e5 13.f5 Bc5 14.Ng3 O-O 15.Nh5 Re8
16.Qg4 Bf8 17.Nxg7 Bxg7 18.Bh6 Kf8 19.Qxg7+ Ke7 20.Bg5+ Kd6 21.Qxf7 1-0

[Event "Individual Zaragoza Primera 2015"]
[Site ""]
[Date "2015.09.27"]
[Round "1.30"]
[White "Redolar Cortés Angel"]
[Black "Pellicer Sancho Rafael José"]
[Result "1/2-1/2"]
[WhiteElo "1567"]
[BlackElo "1739"]

1.e4 c5 2.Nf3 Nc6 3.Nc3 d6 4.h3 g6 5.Bc4 Nf6 6.d3 Bg7 7.Bg5 O-O 8.Qd2 Na5 9.
Bb3 Nxb3 10.axb3 a6 11.O-O b5 12.Nxb5 Bxh3 13.Nxd6 Bxg2 14.Nxf7 Rxf7 15.Kxg2
Ng4 16.c3 h6 17.Be3 Qf8 18.Qe2 e6 19.Nh4 Ne5 20.d4 cxd4 21.cxd4 g5 22.dxe5
gxh4 23.f4 Qb4 24.Qc4 Qxc4 25.bxc4 Bf8 26.Kh3 Rb7 27.Rg1+ Kf7 28.Rg2 Rb3 29.
Re2 Bc5 30.Rae1 Bb4 31.Rf1 Bc5 32.Rf3 Rab8 33.Kxh4 Be7+ 34.Kh3 Rd8 35.Kg2 Rdd3
36.f5 h5 37.fxe6+ Kxe6 38.Kg3 Bg5 39.Kf2 Bh4+ 40.Kg2 Bg5 1/2-1/2

[Event "Individual Zaragoza Primera 2015"]
[Site ""]
[Date "2015.09.27"]
[Round "1.31"]
[White "Navarro Sancho Rafael"]
[Black "De Pablo Raga Tomás"]
[Result "0-1"]
[WhiteElo "1732"]
[BlackElo "1567"]

1.e4 c6 2.d4 d5 3.e5 Bf5 4.Nf3 e6 5.Be2 Bb4+ 6.Bd2 Bxd2+ 7.Nbxd2 Nd7 8.O-O Qb6
9.Nb3 Ne7 10.c4 dxc4 11.Bxc4 Nd5 12.Nh4 Bg6 13.Bxd5 cxd5 14.Nxg6 hxg6 15.Rc1
Qd8 16.g3 b6 17.Rc6 Nb8 18.Rc3 Na6 19.Qe2 Nc7 20.Rfc1 Rc8 21.Qc2 Kd7 22.Rc6
Nb5 23.Rxc8 Qxc8 24.Qd3 Nc7 25.a4 Qb7 26.Qc3 Rc8 27.Qb4 Ne8 28.Nc5+ Rxc5 29.
dxc5 Qc7 30.c6+ Kd8 31.f4 f6 32.exf6 gxf6 33.Qb5 Nd6 34.Qb4 a5 0-1

[Event "Individual Zaragoza Primera 2015"]
[Site ""]
[Date "2015.09.27"]
[Round "1.32"]
[White "Pintanel Torres Manuel"]
[Black "Merin Flores Miguel Angel"]
[Result "0-1"]
[WhiteElo "1551"]
[BlackElo "1732"]

1.e4 c6 2.d4 d5 3.Nc3 dxe4 4.Nxe4 Nd7 5.Nf3 Ngf6 6.Bd3 Nxe4 7.Bxe4 Nf6 8.Bd3
Bg4 9.c3 e6 10.Bg5 Be7 11.h3 Bh5 12.O-O Qa5 13.Bxf6 Bxf6 14.Be4 O-O 15.Qc2 Bg6
16.Bxg6 hxg6 17.Nh2 Rad8 18.Ng4 Bg5 19.Rfe1 Rfe8 20.Re5 Rd5 21.b4 Qd8 22.Rae1
Bf4 23.R5e2 Rh5 24.Ne5 Qg5 25.Qd3 Rd8 26.Qf3 Rd5 27.Re4 Bxe5 28.Rxe5 Qd2 29.
R1e2 Qc1+ 30.Kh2 Rf5 31.Qg3 Qf1 32.R5e4 Rg5 33.Qb8+ Kh7 34.Rh4+ Rh5 35.Rxh5+
gxh5 36.Rd2 Rg5 37.f4 Rf5 38.g3 h4 39.Rg2 hxg3+ 40.Rxg3 Rxf4 41.Rg2 Rf2 42.Qg3
Rxg2+ 43.Qxg2 Qxg2+ 44.Kxg2 Kg6 45.Kf3 Kf5 46.a4 e5 47.b5 cxb5 48.axb5 exd4
49.c4 Ke5 50.h4 d3 0-1

[Event "Individual Zaragoza Primera 2015"]
[Site ""]
[Date "2015.09.27"]
[Round "1.33"]
[White "Gastón Cabello Jorge"]
[Black "Carreras Villagrasa Pablo"]
[Result "0-1"]
[WhiteElo "1731"]
[BlackElo "1548"]

1.d4 d5 2.Bf4 Nf6 3.e3 g6 4.Nd2 Bf5 5.Be2 Bg7 6.h4 O-O 7.h5 Qc8 8.hxg6 fxg6 9.
Ngf3 Nbd7 10.Ng5 Nb6 11.Ndf3 h6 12.Nh3 Bxh3 13.Rxh3 Nh5 14.Be5 Nf6 15.Nh4 g5
16.Ng6 Re8 17.Qd3 Qe6 18.O-O-O Ne4 19.Bxg7 Kxg7 20.Rf1 Qxg6 21.f3 Nf6 22.Qc3
Na4 23.Qb4 Nb6 24.Bd3 Qf7 25.Rfh1 Rh8 26.e4 dxe4 27.fxe4 a5 28.Qc3 g4 29.Rg3
Na4 30.Qxc7 Rac8 31.Qe5 h5 32.Rf1 Rh6 33.b3 Nb6 34.Qxa5 Qe6 35.d5 Qe5 36.Qxb6
Qxg3 37.Qxb7 Qxd3 38.Qxe7+ Kh8 39.Rf2 Qe3+ 40.Rd2 Qe1+ 41.Rd1 Qc3 0-1